000 00740nam a2200217 a 4500
999 _c5206
_d5206
001 5206
003 BD-JhCC
005 20171210172509.0
008 171210s1992 bg ||||| |||| 00| 0 ben d
035 _a(BD-JhCC)5206
040 _aBD-JhCC
_dBD-JhCC
041 _aben
082 _a658.787
_bBAS 1992
100 _aবাশার, আ. ম. ম. খাইরুল
245 _aমজুদ নিয়ন্ত্রণ ও ভাণ্ডার ব্যবস্থাপনা /
_cআ. ম. ম. খাইরুল বাশার
260 _aঢাকা :
_bবাংলা একাডেমী,
_cBAS 1992
300 _a155 p. :
_c21 cm
650 _aStock control and stork management
942 _2ddc
_cBK